| 000 | 00529cab a2200205 4500 | ||
|---|---|---|---|
| 001 | X669 | ||
| 008 | 090401t1993 xxu||||| |||| 00| 0 eng d | ||
| 035 | _a(Sirsi) u66933 | ||
| 041 | _aeng | ||
| 245 | _aBye-law changes | ||
| 260 | _c1993 | ||
| 350 | _a0 | ||
| 490 |
_aCSM (Chartered Surveyor Monthly) _v2(8) May 1993, 2(1) |
||
| 650 | _aRICS BYE-LAWS | ||
| 650 | _aCHARTERED DESIGNATION | ||
| 650 | _aPRIVY COUNCIL | ||
| 690 | _aMANAGEMENT-BUSINESS MANAGEMENT-PROFESSIONAL PRACTICE | ||
| 942 | _n0 | ||
| 948 | _c04/03/1997 | ||
| 999 |
_c41840 _d41840 |
||